Ucapan-ucapan Tunku Abdul Rahman Putra, 1955 dan 1956

Bibliographic Details
Main Author: Tunku Abdul Rahman Putra
Corporate Author: Arkib Negara Malaysia
Format: Book
Published: Kuala Lumpur : Arkib Negara Malaysia
Subjects:

MARC

LEADER 00000cam a2200000 7i4500
001 0000019961
005 20091110.0
008 080620
020 |a RM17.00 (Arkib) 
090 0 0 |a 808.851   |b ABD 
100 1 |a Tunku Abdul Rahman Putra 
245 1 0 |a Ucapan-ucapan Tunku Abdul Rahman Putra, 1955 dan 1956   |c Tunku Abdul Rahman Putra 
260 |a Kuala Lumpur :   |b Arkib Negara Malaysia 
650 0 |a Malaysia   |x politics and government   |x addresses, essays, lectures 
650 0 |a Speeches, addresses 
710 1 |a Arkib Negara Malaysia 
999 |a 0001023489   |b Book   |c Adult Collection   |e Perbadanan Perpustakaan Awam Johor 
999 |a 0001023492   |b Book   |c Adult Collection   |e Perbadanan Perpustakaan Awam Johor